Rezonátory v mikrovlnných integrovaných obvodech /

Enregistré dans:
Détails bibliographiques
Auteurs principaux: Vrba, Jan (Auteur), Skalický, Petr (Auteur)
Format: Livre
Langue:slovaque
Publié: Praha : Academia, 1988
Tags: Ajouter un tag
Pas de tags, Soyez le premier à ajouter un tag!

MARC

LEADER 00000nam a22000003a 4500
001 stu3387
005 20150617225616.2
008 930324s1988----cs------------------slo-d
040 |a STU  |b slo 
041 0 |a slo 
044 |a cs 
080 |a 621.372.049.029.64 
080 |a 621.382.049.77 
100 1 |a Vrba, Jan  |4 aut 
245 1 |a Rezonátory v mikrovlnných integrovaných obvodech /  |c [aut.] Vrba,J.; Vrba,J.; Skalický,P 
260 |a Praha :  |b Academia,  |c 1988 
300 |a 136 s 
700 1 |a Skalický, Petr  |4 aut 
996 |b 284EK04312  |c E*67962  |l EE01  |s A  |a 24  |w stu3387_0001